Němá dívka /
Po úspěšném románu Modrý zámek od kanadské spisovatelky Lucy Maud Montgomeryové (1874 -1942) nabízíme další její román Němá dívka. Mladý muž Erik Marshall jede učit do školy na Ostrově prince Edwarda a potká Kilmeny, němou dívku, která má dokonalý sluch. Spatří ji, když prochází starým sad...
Uloženo v:
| Hlavní autor: | |
|---|---|
| Médium: | E-kniha |
| Jazyk: | Czech |
| Vydáno: |
Praha :
Splendidum družstvo,
2022
|
| Tagy: |
Žádné tagy |
| LEADER | 01824nam a22002297i 4500 | ||
|---|---|---|---|
| 001 | 311600 | ||
| 007 | ta | ||
| 008 | 260601s2022 xr ||||| |||| 00| 0 cze d | ||
| 020 | |a 9990003566355 | ||
| 044 | |a xr | ||
| 100 | 1 | |a Montgomery, Lucy Maud |4 aut | |
| 245 | 1 | 0 | |a Němá dívka / |c Montgomery, Lucy Maud |
| 240 | 1 | 0 | |a Kilmeny of the Orchard |
| 264 | 1 | |a Praha : |b Splendidum družstvo, |c 2022 | |
| 300 | |a 1 online zdroj (136 stran) | ||
| 336 | |a text |b txt |2 rdacontent | ||
| 337 | |a bez média |b n |2 rdamedia | ||
| 338 | |a online zdroj |b cr |2 rdacarrier | ||
| 520 | 2 | |a Po úspěšném románu Modrý zámek od kanadské spisovatelky Lucy Maud Montgomeryové (1874 -1942) nabízíme další její román Němá dívka. Mladý muž Erik Marshall jede učit do školy na Ostrově prince Edwarda a potká Kilmeny, němou dívku, která má dokonalý sluch. Spatří ji, když prochází starým sadem a zaslechne její hru na housle. Několikrát ji navštíví a časem se do ní zamiluje. Když ji požádá o ruku, odmítne ho, i když ho taky miluje, ale domnívá se, že její postižení by mu jen ztěžovalo život, přestože on s tím nemá problém. Mezitím na ostrov přijíždí Erikův dobrý přítel David, uznávaný lékař krčních chorob. Vyšetří dívku a řekne, že jde o psychickou poruchu. Co se přihodilo, že Kilmeny přestala mluvit? Získá Erik němou dívku? | |
| 910 | |a RBIT002 | ||
| 998 | |d 356635 |a https://core.palmknihy.cz/api/books/356635/cover?rexavw |b https://core.palmknihy.cz/api/books/356635/cover/400?rexavw |c https://core.palmknihy.cz/api/books/356635/cover/50?rexavw |e |g 136 |i 9990003566355 |j https://core.palmknihy.cz/api/books/356635/preview.epub |k https://core.palmknihy.cz/api/books/356635/preview.pdf |l |q 49 |r 1 |s https://www.palmknihy.cz/kniha/356635 |t ebook |y 2022 |z 1 | ||
| 999 | |d 311598 | ||